Panenky /
Uloženo v:
| Série: | Venturi a Montalvertová,
část 1 |
|---|---|
| Hlavní autor: | |
| Další autoři: | |
| Médium: | Kniha |
| Jazyk: | Czech |
| Vydáno: |
Praha :
Dobrovský s.r.o.,
2026
|
| Edice: | Vendeta
|
| Celkem bylo vypůjčeno: | 0x |
| Příbuzné jednotky: | Z cyklu::
Venturi a Montalvertová |
| Tagy: |
Žádné tagy |
| LEADER | 01223nam a2200361 i 4500 | ||
|---|---|---|---|
| 001 | 106453 | ||
| 003 | CZ PrNK | ||
| 005 | 20260603081634.0 | ||
| 007 | ta | ||
| 008 | 260529s2026 xr 000 f cze | ||
| 015 | |a cnb003761196 | ||
| 020 | |a 9788027762279 |q (vázáno) : |c Kč 499,00 | ||
| 040 | |a ABG001 |b cze |e rda | ||
| 041 | 1 | |a cze |h fre | |
| 100 | 1 | |a Laipsker, Alexis, |d 1969- |4 aut | |
| 240 | 1 | 0 | |a Poupées. |l Česky |
| 245 | 1 | 0 | |a Panenky / |c Alexis Laipsker ; přeložila Barbara Škopová |
| 264 | 1 | |a Praha : |b Dobrovský s.r.o., |c 2026 | |
| 300 | |a 395 stran ; |c 21 cm | ||
| 336 | |a text |b txt |2 rdacontent | ||
| 337 | |a bez média |b n |2 rdamedia | ||
| 338 | |a svazek |b nc |2 rdacarrier | ||
| 490 | 1 | |a Vendeta | |
| 500 | |a Přeloženo z francouzštiny | ||
| 500 | |a Obálkový podnázev: případ pro Venturiho a Montalvertovou | ||
| 700 | 1 | |a Škopová, Barbara |7 xx0085879 |4 trl |9 35325 | |
| 710 | 2 | |a Dobrovský (firma) |7 olak2017946581 |4 pbl |9 117120 | |
| 787 | 0 | 8 | |i Z cyklu: |t Venturi a Montalvertová |g 1 |
| 830 | 0 | |a Vendeta | |
| 910 | |a UOG502 | ||
| 942 | |2 ddc |c KN | ||
| 999 | |d 106453 | ||
| 993 | |0 0 |1 421180107169 |2 ddc |4 0 |7 0 |9 99882 |b 0 |c 107169 |d 2026-06-03 |e 0 |f DOSP |h 499.00 |i Koupě |l DOSP |r 2026-06-03 |t 6 |w 2026-06-03 |y KN |z KRIMI |n | ||